Концепции современного естествознания: учебное пособие

গ্রন্থ-পঞ্জীর বিবরন
প্রধান লেখক: Найдыш В. М. Вячеслав Михайлович
ভাষা:রুশ
প্রকাশিত: Москва, Гардарики, 1999
বিষয়গুলি:
বিন্যাস: গ্রন্থ
KOHA link:https://koha.lib.tpu.ru/cgi-bin/koha/opac-detail.pl?biblionumber=13941

MARC

LEADER 00000nam0a2200000 4500
001 13941
005 20231030185252.0
010 |a 5829700018 
035 |a (RuTPU)RU\TPU\book\14028 
035 |a BOOK00014097 
090 |a 13941 
100 |a 20011209d1999 m y0rusy50 ca 
101 0 |a rus 
102 |a RU 
105 |a y j 000zy 
200 1 |a Концепции современного естествознания  |e учебное пособие  |f В. М. Найдыш 
210 |a Москва  |c Гардарики  |d 1999 
215 |a 476 с. 
451 1 |0 (RuTPU)RU\TPU\book\27699  |y 5-8297-0001-8  |t Концепции современного естествознания  |o учебное пособие  |f В. М. Найдыш  |c М.  |n Гардарики  |d 2000  |p 476 с.  |a Найдыш, Вячеслав Михайлович 
610 1 |a естествознание 
610 1 |a история 
610 1 |a мировоззрение 
610 1 |a методология 
610 1 |a философские проблемы 
610 1 |a учебные пособия 
675 |a 5:1(075.8)  |v 3 
700 1 |a Найдыш  |b В. М.  |g Вячеслав Михайлович 
801 0 |a RU  |b 63413507  |c 20011209  |g PSBO 
801 2 |a RU  |b 63413507  |c 20201127  |g PSBO 
942 |c BK